The Breeding Bionomy of Tyto Alba

Podrobná bibliografia
Hlavní autori: Pikula, Jiří (Autor), Beklová, Miroslava, 1946- (Autor), Kubík, Vladimír (Autor)
Médium: Kniha
Jazyk:angličtina
PhysicalDescription:53, [3] s., [4] s. fot. príl. 8°
Vydavateľské údaje: Praha Academia 1984
Edícia:Acta scientiarum naturalium Academiae scientiarum bohemoslovacae - Brno. Nova series

MARC

LEADER 00000nam a2200000 a 4500
001 vtls001260581
003 SK-MaSNL
005 20260301112949.0
008 251113s1984 xr 0 eng
035 |a SNK000211424 
040 |a SNK  |b slo  |c SNK  |e AACR2 
041 0 |a eng 
044 |a CZ 
100 1 |a Pikula, Jiří  |4 aut  |9 381376 
245 1 4 |a The Breeding Bionomy of Tyto Alba  |c Jiří Pikula, Miroslava Beklová, Vladimír Kubík 
260 |a Praha  |b Academia  |c 1984 
300 |a 53, [3] s., [4] s. fot. príl.  |c 8° 
490 1 |a Acta scientiarum naturalium Academiae scientiarum bohemoslovacae - Brno  |v tom. 8. Nova series. fasc. 5 
700 1 |a Beklová, Miroslava,  |d 1946-  |4 aut  |9 177301 
700 1 |a Kubík, Vladimír  |4 aut  |9 334843 
830 0 |a Acta scientiarum naturalium Academiae scientiarum bohemoslovacae - Brno. Nova series  |9 290857 
958 |a RK 
958 |a OND 
999 |c 712112  |d 714042 
952 |t P60, <04>, [BOOK], {604}  |a SNK  |b SNK  |y VYP  |7 0  |o snkIC 95390  |i snkKIP 6811/84  |0 0  |1 0  |4 0  |d 1996-05-24  |l 0  |r 2005-01-01 00:00:00  |w 2026-02-23 
952 |t P60, <04>, [BOOK], {604}  |a SNK  |b SNK  |y VYP  |7 0  |o snkIC 95390 D1  |i snkKIP 6812/84  |0 0  |1 0  |4 0  |d 1996-05-24  |l 0  |r 2005-01-01 00:00:00  |w 2026-02-23